000 00723nam a22002057a 4500
003 OSt
005 20241022173137.0
008 241019b |||||||| |||| 00| 0 eng d
020 _a9780198819882
040 _cCentral University Library
050 _aKD2079.
_bM66
100 _aMoore, Imogen
245 _aCompany Law/
_bConcentrate Questions and Answers
_cImogen Moore
250 _aSecond
_bRevision and study guides from the No.1 legal education publisher
260 _aOxford;
_aUnited Kingdom;
_aNew York;
_bOxford University Press
_cc2018
300 _axix, 258 pages
_bDiagram; Index
_c23cm
650 _2Company
_aOxford / England
_vQuestions, Answers
700 _aImogen Moore
_eAuthor
942 _2lcc
_cBK
_eSecond Ed.
_n0
999 _c80
_d80